Educability and group differences/ (Record no. 661)

MARC details
000 -LEADER
fixed length control field 00752cam a2200277 4500
005 - DATE AND TIME OF LATEST TRANSACTION
control field 20260322212029.0
008 - FIXED-LENGTH DATA ELEMENTS--GENERAL INFORMATION
fixed length control field data
010 ## - LIBRARY OF CONGRESS CONTROL NUMBER
LC control number 72009126 //r882
020 ## - INTERNATIONAL STANDARD BOOK NUMBER
International Standard Book Number 0060121947
020 ## - INTERNATIONAL STANDARD BOOK NUMBER
International Standard Book Number 9780060121945
040 ## - CATALOGING SOURCE
Original cataloging agency DLC
Transcribing agency DLC
Modifying agency YUS
049 ## - LOCAL HOLDINGS (OCLC)
Holding library YUSC
050 0# - LIBRARY OF CONGRESS CALL NUMBER
Classification number LB1134
Item number .J39 (LC)
090 ## - LOCALLY ASSIGNED LC-TYPE CALL NUMBER (OCLC); LOCAL CALL NUMBER (RLIN)
Classification number (OCLC) (R) ; Classification number, CALL (RLIN) (NR) LB 1134 J453 1973
001 - CONTROL NUMBER
control field data
100 1# - MAIN ENTRY--PERSONAL NAME
Personal name Jensen, Arthur Robert.
245 10 - TITLE STATEMENT
Title Educability and group differences/
Statement of responsibility, etc. Arthur Robert Jensen.
250 ## - EDITION STATEMENT
Edition statement [1st U.S. ed.]
260 ## - PUBLICATION, DISTRIBUTION, ETC.
Place of publication, distribution, etc. New York,
Name of publisher, distributor, etc. Harper & Row
Date of publication, distribution, etc. [1973]
300 ## - PHYSICAL DESCRIPTION
Extent viii, 407 p.
Other physical details illus.
Dimensions 22 cm.
350 ## - PRICE (NR) (BK AM CF MU VM SE) [OBSOLETE]
Price {dollar}10.00
504 ## - BIBLIOGRAPHY, ETC. NOTE
Bibliography, etc. note Bibliography: p. [376]-396.
650 #0 - SUBJECT ADDED ENTRY--TOPICAL TERM
Topical term or geographic name entry element Intelligence levels.
650 #0 - SUBJECT ADDED ENTRY--TOPICAL TERM
Topical term or geographic name entry element Learning ability.
650 #0 - SUBJECT ADDED ENTRY--TOPICAL TERM
Topical term or geographic name entry element Students
General subdivision Social conditions.
Holdings
Withdrawn status Lost status Damaged status Not for loan Home library Current library Shelving location Date acquired Total checkouts Full call number Barcode Date last seen Price effective from Koha item type
        Midway Midway General stacks 22/03/2026   LB1134 .J39 (LC) BC0010678 22/03/2026 22/03/2026 Books